[Event "RUS-ch 56th"]
[Site "Krasnoyarsk"]
[Date "2003.09.08"]
[Round "5"]
[White "Inarkiev, Ernesto"]
[Black "Riazantsev, Alexander"]
[Result "1-0"]
[WhiteElo "2582"]
[BlackElo "2533"]
[Annotator "Finkel,A"]
[PlyCount "65"]
[EventDate "2003.09.03"]
[EventType "swiss"]
[EventRounds "9"]
[EventCountry "RUS"]
[SourceTitle "CBM 098"]
[Source "ChessBase"]
[SourceDate "2004.02.03"]
[SourceVersion "1"]
[SourceVersionDate "2004.02.03"]
[SourceQuality "1"]

1. e4 e6 2. d4 d5 3. Nc3 Nf6 4. Bg5 Be7 5. e5 Nfd7 6. Bxe7 Qxe7 7. f4 O-O 8.
Nf3 c5 9. dxc5 Nc6 10. Qd2 Nxc5 11. O-O-O f6 {Russian grandmaster Gleizerov is
an expert in this line. HIs results with black are just amazing, mainly due to
the fact that white keeps slightly better chances in nearly all sub-variations!
} 12. exf6 Qxf6 13. g3 Rd8 14. Qe1 (14. Qf2 b6 (14... d4 $6 15. Nb5 {[%csl Rd4]
} e5 16. Ng5 $1 Bf5 17. Bc4+ Kf8 18. g4 $1 $16 {Sadvakasov,D-Bagirov,R/
Istanbul 2000/EXT 2001}) 15. Bg2 Bd7 16. Rhe1 Rac8 17. Ne5 Nxe5 18. Rxe5 Kh8
19. Qe3 Be8 20. Kb1 $14 {Goloshchapov,A-Vysochin,S/zt 1.9 2000}) (14. Bg2 Ne4
15. Qe3 Nxc3 16. Qxc3 Qxc3 17. bxc3 Bd7 18. Rhe1 h6 19. Ne5 $14 {Voitsekhovsky,
S-Volkov,S/RUS-Cup8 1997}) (14. Bd3 Bd7 15. Kb1 (15. Rhe1 Rac8 16. Kb1 Be8 17.
Ne5 (17. Qf2 Nxd3 18. Rxd3 Bg6 19. Rd2 Na5 20. Qd4 Nc4 $132 {Gallagher,
J-Weinzettl,E/zt 1.2 2000}) 17... Nxe5 18. Rxe5 Nd7 19. Ree1 Bh5 (19... Bf7 20.
g4 Qh4 21. Nb5 Nc5 22. Qe2 a6 23. Nd4 Re8 24. Qf3 Kh8 $132 {Markidis,K-Bagirov,
R/Eu-Youth Boys-u20 1999}) 20. Be2 Bg6 21. Bg4 Rc6 22. Qd4 Qxd4 23. Rxd4 Kf7
$11 {Mukhaev,A-Gleizerov,E/RUS-Cup07 1998}) 15... Be8 16. Qf2 $6 Nxd3 17. cxd3
e5 18. Qd2 Bh5 $15 {Karlsson,T-Gleizerov,E/Rilton Cup 1998}) 14... Bd7 (14...
Rb8 15. Bb5 a6 16. Bxc6 bxc6 17. Qe3 Ne4 18. Nd4 Nxc3 19. Qxc3 Bd7 20. Rhe1 Re8
21. Re5 $16 {Lindberg,B-Ziegler,A/Sweden 2001}) 15. Qe3 (15. Bb5 $6 Rac8 16.
Bxc6 Bxc6 17. Nd4 Be8 $1 (17... b5 $6 18. Qe5 b4 19. Nce2 Be8 20. g4 a5 21.
Qxf6 gxf6 22. Ng3 $14 {Nezhmetdinov,R-Lein,A/Sochi 1965}) 18. Qe5 Qxe5 19. fxe5
Kf7 20. h4 (20. Ndb5 Bxb5 21. Nxb5 Ne4 22. Rhe1 Ke7 23. Nxa7 Rc5 24. a4 Ra8 $15
{Jaracz,B-Gleizerov,E/Koszalin 1999}) 20... Ke7 21. h5 Ne4 22. Nxe4 dxe4 23. h6
gxh6 24. Ne2 Rxd1+ 25. Kxd1 h5 $15 {Socko,B-Gleizerov,E/Stockholm 1999}) (15.
Bh3 Rac8 16. Qe3 Nb4 17. Nd4 Re8 18. Rhe1 Qh6 $132 {Borriss,M-Vigh,B/Budapest
1991}) (15. Kb1 a6 16. Qe3 Qf8 17. Bg2 Rac8 18. Rhe1 b5 19. f5 b4 20. fxe6 Bxe6
21. Ne2 Bf5 22. Nfd4 $14 {Gross,D-Babula,M/Czechia 1998}) 15... b6 16. Bg2 $5
$146 {Only this move appears to be a novelty!} (16. Bb5 Rac8 (16... Ne7 17.
Bxd7 Rxd7 18. Rhe1 (18. Ne5 Rdd8 19. g4 Rac8 20. Rhe1 a6 21. Kb1 $14 {Lindberg,
B-Ziegler,A/Gothenburg 2003}) 18... Rc8 19. Nd4 Nc6 20. Nxc6 Rxc6 21. Qe5 $14 {
Olivier,J-Marzolo,C/Val d'Isere 2002}) 17. Rhe1 Be8 (17... Ne7 18. Bxd7 Rxd7
19. Nd4 Nf5 20. Qe5 Nxd4 21. Rxd4 Kf7 (21... Qg6 22. Re3 Rf7 23. Rd2 h6 24. Qd4
a6 25. Rde2 Rc6 $13 {Lahno,K-Chuprikov,D/Alushta 2003}) 22. Kb1 Qxe5 23. Rxe5
Kf6 24. b4 Rb7 25. Nb5 $14 {Prasad,D-Bagirov,R/Abu Dhabi 2002}) 18. Bxc6 Rxc6
19. Nd4 Rcd6 20. g4 a6 21. Qe5 Bf7 22. f5 exf5 23. Nxf5 $16 {Wedberg,
T-Gleizerov,E/Stockholm 2001}) 16... Be8 17. Nd4 Nxd4 18. Rxd4 Rac8 19. Re1 b5
$5 {[%cal Ga7a5,Gb5b4] Quite logical reaction- black is preparing an advance
of the pawns on the queenside.} (19... Bg6 20. g4 Re8 21. Qd2 Nd3+ (21... Kh8)
22. Rxd3 Bxd3 23. Qxd3 Qxf4+ 24. Kb1 Qxh2 25. Bf3 $14) 20. Bh3 $1 {Transposing
to the position where white gets r+2 pawns versus 2 minor pieces of black.} b4
21. Nxd5 exd5 22. Bxc8 Rxc8 23. Rxd5 $14 {Black knight is forced to escape to
the edge of the board.} Na4 (23... Nb7 24. Qe7 (24. Qxa7 $2 Qc6 25. Rd2 Bg6 $19
{[%csl Rc2]}) 24... Qc6 25. Rd2 Nc5 26. Kb1 Bd7 (26... b3 $2 27. axb3 Nxb3 28.
cxb3 Bg6+ 29. Ka2 Qa6+ 30. Qa3 $18) 27. Qd6 Qxd6 28. Rxd6 Kf7 29. Re5 $14) (
23... Qf8 $2 24. Rxc5 $18) 24. Qd4 Qc6 (24... Bg6 25. Re2 Qxd4 26. Rxd4 Nc5 27.
Red2 Kf7 28. Rc4 $14) 25. Qd2 Qf6 $2 {Giving up very important pawn and
getting nothing in return.} (25... b3 $2 26. axb3 Nc5 27. Kb1 Qb6 28. Qc3 $16)
(25... Qc7 $5 {[%csl Rc2,Gd8,Ge7]}) 26. Qxb4 $16 Qc6 (26... Nb6 27. Rd6 Qf5 28.
Qe4 Qc5 29. Red1 $16) 27. Qd2 Qb6 $6 (27... Qc7) 28. Qd4 Qc7 (28... Qg6 29. c3
$18) 29. Rxe8+ $1 $18 {[%csl Rg7]} Rxe8 30. Rd7 Re1+ 31. Kd2 Re2+ 32. Kxe2
Qxc2+ 33. Kf3 1-0

[Event "Bundesliga 0102"]
[Site "Germany"]
[Date "2001.11.25"]
[Round "4.5"]
[White "De Firmian, Nick E"]
[Black "Knaak, Rainer"]
[Result "1-0"]
[WhiteElo "2552"]
[BlackElo "2494"]
[Annotator "Finkel,A"]
[PlyCount "76"]
[EventDate "2001.10.06"]
[EventType "team-tourn"]
[EventRounds "15"]
[EventCountry "GER"]
[SourceTitle "CBM 087"]
[Source "ChessBase"]
[SourceDate "2002.03.21"]
[SourceVersion "1"]
[SourceVersionDate "2002.03.21"]
[SourceQuality "1"]
[WhiteTeam "Luebeck"]
[BlackTeam "Werder Bremen"]
[WhiteTeamCountry "GER"]
[BlackTeamCountry "GER"]

1. e4 e6 2. d4 d5 3. Nc3 Nf6 4. Bg5 Be7 5. e5 Nfd7 6. Bxe7 Qxe7 7. f4 a6 8. Nf3
c5 9. dxc5 Qxc5 10. Qd2 Nc6 11. O-O-O Nb6 $5 {Usually black prefers to castle
kingside in this variation while with his last move he shows clear intention
to put his king on the queenside.The main drawback of this plan is difficulty
to find active counterplay.} 12. a3 (12. Nd4 Nxd4 (12... Bd7 $6 13. Nb3 Qe7 14.
Qf2 Qd8 15. g4 g6 16. h4 Qc7 17. Nc5 O-O-O $2 18. Nxa6 $1 {1-0 Karlsson,
T-Eriksson,S/Norrkoeping 1998/EXT 2000 (18)}) 13. Qxd4 Qxd4 (13... Nd7 14. g3
Qxd4 15. Rxd4 b6 16. Bh3 g6 17. Nd1 h5 18. Ne3 b5 19. Bg2 $14 {Barczay,L-Szily,
J/HUN-ch 1964/MCD}) 14. Rxd4 h5 15. h4 Nd7 16. Rh3 g6 17. a4 Nb8 $132 {Hellers,
F-Visser,Y/Amsterdam 1990/CBM 20}) (12. Bd3 Bd7 13. Kb1 Na5 14. b3 Rc8 15. Ne2
Nc6 16. c3 $14 {Kindermann,S-Franke,H/Germany 1989/GER-chT}) 12... Bd7 13. Bd3
(13. b4 $6 Qe7 14. Qe3 Nc8 15. f5 O-O 16. Bd3 d4 17. Nxd4 exf5 $132 {Ardeleanu,
A-Varaciuc,V/Tusnad 2000/EXT 2001}) 13... h6 {13...0-0-0 would be met with 14.
Ng5! so black takes square g5 under control.} (13... Na7 14. Rhe1 h6 15. g4
O-O-O 16. Kb1 Kb8 17. Bf1 Rc8 18. Nd4 Rc7 19. f5 $14 {Almasi,Z-Havasi,J/HUN
1992/EXT 2000}) 14. Kb1 O-O-O 15. Rhe1 Kb8 16. Ne2 $5 {Typical manouvre for
this kind of positions. One of white knights goes to d4.} Rc8 (16... Nc4 $5 17.
Bxc4 dxc4 (17... Qxc4 $6 18. Ned4 $16 {[%cal Ge1e3,Ge3b3]}) 18. Qd6+ Qxd6 19.
exd6 f6 20. Nc3 Rhe8 21. Re4 b5 22. a4 $14) 17. Nc1 Qe7 18. Nb3 Na4 19. Qe3 $1
{[%csl Gc5]} Rc7 20. g3 b6 (20... Na7 $5 21. Nfd4 Nb5 22. Bxb5 Bxb5 23. Nxb5
axb5 24. Nd4 $16 {[%csl Rb5]}) 21. Nfd4 {White is clearly better so there is
no need in complications after} (21. Bxa6 $5 Ra7 {[%csl Ra3]} 22. Bd3 Nxb2 23.
Kxb2 Qxa3+ 24. Kb1 Rc8 $44 {and black has serious attacking chanses.}) 21...
Na7 22. f5 exf5 {[%csl Rd5]} (22... Nc5 23. Rf1 $5 exf5 24. Bxf5 $14) 23. Bxf5
Be6 24. Qf3 $1 {White queen is heading to g4 in order to put a pressure both
on e6 and g7.} Nc5 25. Qg4 Nxb3 26. cxb3 $1 {Of course this one: white doesn't
want to waste a tempo on N:b3} Nb5 $6 (26... Bxf5+ $5 27. Nxf5 Qg5 28. Qxg5 (
28. Qf4 $16) 28... hxg5 29. Re2 g6 30. Ne3 $16) 27. Bxe6 Nxd4 28. Bxd5 Nc2 29.
Re2 $18 {[%csl Rc2]} Rhc8 30. Qe4 {[%cal Gb3b4,Gd5b3]} Nxa3+ {It's hard to
come up with something else...} 31. bxa3 Qxa3 32. Qe3 Qb4 33. e6 fxe6 34. Bxe6
Re8 35. Qd4 Qa5 36. Re5 b5 37. Bg4 Rxe5 38. Qxe5 Qb4 1-0

[Event "Bundesliga 0102"]
[Site "Germany"]
[Date "2002.04.28"]
[Round "15.5"]
[White "Nataf, Igor Alexandre"]
[Black "Graf, Alexander"]
[Result "1-0"]
[WhiteElo "2527"]
[BlackElo "2610"]
[Annotator "Finkel,A"]
[PlyCount "77"]
[EventDate "2001.10.06"]
[EventType "team-tourn"]
[EventRounds "15"]
[EventCountry "GER"]
[SourceTitle "CBM 089"]
[Source "ChessBase"]
[SourceDate "2002.08.12"]
[SourceVersion "1"]
[SourceVersionDate "2002.08.12"]
[SourceQuality "1"]
[WhiteTeam "Tegernsee"]
[BlackTeam "Porz"]
[WhiteTeamCountry "GER"]
[BlackTeamCountry "GER"]

1. e4 e6 2. d4 d5 3. Nc3 Nf6 4. Bg5 Be7 5. e5 Nfd7 6. h4 Bxg5 7. hxg5 Qxg5 8.
Qd3 {Probably the best move in the position;others promise white even less:} (
8. Nf3 Qe7 9. Qd2 Nb6 (9... Nc6 10. Nb5 Nb6 11. c3 a6 12. Na3 Bd7 13. Nc2 O-O-O
14. Bd3 h6 $15 {Csapkovics-Noble,A/St.Ingbert op 1987 (44)}) 10. g4 Bd7 11. Bd3
Nc6 12. O-O-O O-O-O 13. Kb1 Kb8 14. Rh5 Nb4 $15 {Steiner,B-Seitz,H/
Mittelfranken 1985}) (8. Rh5 $5 Qe7 9. Qg4 f5 10. Qh3 Nf8 11. O-O-O Bd7 12. g4
fxg4 13. Qxg4 Nc6 14. Rg5 Rg8 15. Nge2 $44 {Velimirovic,D-Kovacevic,V/JUG-chT
1989 (28)}) 8... Nf8 (8... h5 9. Nf3 Qe7 10. g4 g6 ({After} 10... h4 11. O-O-O
Nb6 (11... g5 $6 12. Qe3 Rg8 13. Nd2 Nb6 14. f4 gxf4 15. Qxf4 Nc6 16. Nf3 $14)
12. Qe3 Nc6 13. g5 Bd7 14. Nxh4 O-O-O 15. f4 $14 {white has some pressure on
the kingside.}) 11. gxh5 gxh5 12. Qe3 Nb6 13. O-O-O Bd7 14. Be2 Nc6 15. Qf4 $1
O-O-O 16. Rdg1 $1 $14 {Hector,J-Brynell,S/Goteborg 1999}) (8... g6 9. Nf3 Qe7
10. Qe3 Nc6 (10... a6 11. O-O-O c5 (11... Nc6 12. Rh6 Nb6 13. Qg5 Bd7 14. Qf6
O-O-O 15. Ng5 Qxf6 16. exf6 Be8 17. Rxh7 Rxh7 18. Nxh7 $14 {Nataf,I-Kovacevic,
V/Solin 1997}) 12. dxc5 Qxc5 13. Nd4 Nc6 14. f4 Nxd4 15. Rxd4 b5 16. Qd2 Bb7
17. Rh3 Nb6 $13 {Nataf,I-Thorhallsson,T/Bermuda 1999}) 11. O-O-O Nb6 12. Ng5 (
12. Rh6 $5 Bd7 13. Qg5 Qxg5+ 14. Nxg5 Ke7 15. Nxh7 Rac8 16. f4 $14 {Hector,
J-Brynell,S/Malmo 1993}) 12... Bd7 13. Nxh7 O-O-O 14. Be2 Be8 15. a3 Kb8 16.
Bb5 $14 {Hector,J-Fries Nielsen,J/Stavanger op 1991 (40)}) 9. Nf3 (9. Nh3 Qe7
10. f4 g6 11. O-O-O a6 12. g4 Bd7 13. Bg2 $44 {Mueller,C-Thanner,H/GER 1996})
9... Qe7 10. O-O-O b6 11. Nh4 Bb7 12. f4 Nc6 $6 (12... g6 $5) 13. Qg3 $1 f5 $2
{Extremly risky decision provoking white to sacrifice a piece on d5!} (13... g6
14. f5 $1 {[%csl Rd5]} O-O-O (14... gxf5 15. Qg7 $18) 15. f6 Qb4 16. Nf3 h6 17.
a3 Qa5 18. Qf4 $44) 14. Nxd5 $1 exd5 15. Nxf5 Qf7 16. Nxg7+ Kd8 17. f5 $36 {
White has more than sufficient compensation for a piece.} Kc8 18. Be2 Kb8 19.
Bh5 Ng6 $1 (19... Qe7 20. f6 Qd8 21. Rhf1 $16 {[%cal Ge5e7]}) 20. f6 (20. Ne6
$2 Qxf5) 20... Rg8 (20... Ba6 $2 21. Bxg6 $18 {[%cal Gh2h8,Gh1h8]}) 21. Bf3 Nf8
22. Rh6 Nd8 $1 {Again the best defense.} (22... Ne6 23. Bxd5 Ncxd4 24. Rxd4
Bxd5 25. Rxd5 Nxg7 26. Qd3 Nf5 27. Rh3 Qe6 28. g4 $1 $18) 23. Qh4 Bc8 24. Bh5
Qd7 (24... Ng6 25. Rxh7 $1 Nxh4 26. Bxf7 Nxf7 27. Rxh4 $18) 25. Be8 $1 Qg4 26.
Qxg4 Bxg4 27. Rf1 Kb7 28. Rh4 (28. Kd2 $5) 28... Bc8 29. Bh5 {Bishop comes
back to f3 to pressurize the pawn on d5.} Bd7 (29... Nde6 30. Bf7 Rh8 31. c4 c6
32. cxd5 cxd5 33. Kd2 $16) 30. Bf3 c6 31. c4 Nde6 $1 (31... dxc4 32. d5 Ng6 33.
Rh5 Kc7 34. e6 $18) 32. Nf5 dxc4 33. d5 cxd5 34. Bxd5+ Kb8 35. Ne7 (35. Nd6 Rg5
36. Nf7 Rg3 37. Rd1 $16) 35... Rg5 36. Bxa8 $6 {After this move the position
is not perfectly clear.} (36. Rf5 Rxf5 37. Nxf5 Nc5 {[%csl Rf5][%cal Gc5d3]}
38. Nd6 Nd3+ 39. Kd2 Nxe5 40. Bxa8 Kxa8 41. Nxc4 $16) 36... Kxa8 $13 37. Rxc4
Rxe5 38. Rg4 Kb7 39. Rg8 $138 1-0

[Event "WchT 5th"]
[Site "Yerevan"]
[Date "2001.10.19"]
[Round "8.4"]
[White "Abreu Delgado, Aryam"]
[Black "Luther, Thomas"]
[Result "1/2-1/2"]
[WhiteElo "2493"]
[BlackElo "2604"]
[Annotator "Finkel,A"]
[PlyCount "86"]
[EventDate "2001.10.12"]
[EventType "team-tourn"]
[EventRounds "9"]
[EventCountry "ARM"]
[SourceTitle "CBM 086"]
[Source "ChessBase"]
[SourceDate "2002.02.05"]
[SourceVersion "1"]
[SourceVersionDate "2002.02.05"]
[SourceQuality "1"]
[WhiteTeam "Cuba"]
[BlackTeam "Germany"]
[WhiteTeamCountry "CUB"]
[BlackTeamCountry "GER"]

1. e4 e6 2. d4 d5 3. Nc3 Nf6 4. Bg5 Be7 5. e5 Nfd7 6. Bxe7 Qxe7 7. f4 a6 8. Nf3
c5 9. Qd2 Nc6 10. dxc5 Nxc5 11. Bd3 O-O 12. O-O {Very solid variation
promising minimal advantage.} (12. Qe3 $5 f5 13. exf6 Nxd3+ 14. Qxd3 Qxf6 15.
g3 Bd7 16. Ng5 $1 Qf5 17. Qxf5 Rxf5 18. O-O-O Rd8 19. Ne2 $14 {
Ljubojevic-Seirawan, Reykjavik (WCup) 1991}) (12. O-O-O f5 13. exf6 Qxf6 14. g3
Bd7 15. Ng5 Nxd3+ 16. Qxd3 Qf5 17. Qxf5 Rxf5 18. Rhe1 $14 {Polgar,S-Gulko,B/
Aruba 1992}) 12... f5 13. exf6 Qxf6 14. g3 (14. Ne5 Nxe5 15. fxe5 Qe7 16. Rxf8+
Qxf8 17. Qg5 Nxd3 18. cxd3 Qc5+ 19. Kh1 Bd7 $11 {Ochoa de Echaguen,F-Miljanic,
B/Catania op 1995}) 14... Bd7 15. Rae1 h6 (15... b5 16. a3 b4 17. axb4 Nxb4 18.
Ne5 Rab8 19. Qe3 $16 {Hoi,C-Muir,A/Troll Masters 1990}) (15... Be8 16. Ne5 Nxe5
(16... Rc8 17. Rf2 Nxe5 18. Rxe5 Rc6 (18... Nxd3 19. cxd3 Bg6 20. Ne2 $14) 19.
Bf1 Nd7 20. Re1 Nb6 21. Nd1 $1 $14 {Stefansson,H-Hjartarson,J/ISL-ch plof 1995}
) 17. Rxe5 Rd8 (17... Nd7 18. Ree1 Bg6 19. f5 exf5 20. Nxd5 Qd4+ 21. Ne3 Kh8
22. c3 Qc5 23. Bc2 $14 {De la Villa Garcia,J-Fluvia Poyatos,J/Barcelona 2000/
CBM 77}) 18. Rfe1 Bf7 19. Ne2 Nd7 20. Re3 Qxb2 21. Nd4 Qb6 $13 {Balcerak,
J-Karst,E/RLPF-chJ U15 1993}) (15... Rac8 16. a3 h6 17. h4 $2 (17. Ne5 $14)
17... Be8 $1 18. Kh2 Nxd3 19. cxd3 Bh5 $10 {Hjartarson,J-Seirawan,Y/Reykjavik/
WCup/1991}) (15... Rae8 16. a3 h6 17. b4 Nxd3 18. cxd3 Rc8 19. Ne5 Be8 20. d4
Ne7 21. Ng4 $11 {De la Riva,O-Kasimdzhanov,R/Corsica rap op 1997}) 16. Ne5 Be8
17. Qf2 $6 {After this move white's advantage disappears. Much more logical
and convincing way to play this variation was shown earlier:} (17. Rf2 $5 Rc8
$6 18. Bf1 $1 {[%cal Gf1h3]} Nxe5 19. Rxe5 Nd7 20. Re1 {[%csl Re6]} Bg6 21. Bh3
$1 $16 {Arizmendi Martinez,J-Hovhanisian,M/Ubeda 2000}) 17... Nxe5 18. Qxc5 $5
({After} 18. Rxe5 Qxe5 {[%cal Gf8f2]} 19. fxe5 Rxf2 20. Kxf2 Nd7 21. Re1 Bh5
$13 {white has to be carefull to keep the position balanced.}) 18... Nxd3 19.
cxd3 Bg6 20. Re5 (20. Rf2 Bxd3 (20... Rac8 21. Qb6 Bxd3 22. Rxe6 Qf7 23. Rd2
Bc4 $13) 21. Nxd5 exd5 22. Qxd5+ Qf7 23. Qxd3 Qxa2 $11) (20. Rf3 $5) 20... Bxd3
21. Nxd5 exd5 22. Qxd5+ Qf7 $11 {[%csl Ra2] Winning back a pawn and fully
equalizing the position.} 23. Qxd3 Qxa2 24. Qd5+ {White is very persistant in
his play for a draw!} (24. Qe2 $5) 24... Qxd5 25. Rxd5 Rad8 26. Rfd1 Rxd5 27.
Rxd5 Rc8 28. Rd2 Rc4 29. Kf2 Rb4 30. Kf3 a5 31. Kg4 g6 32. Kf3 a4 33. g4 b5 34.
h4 Kf7 (34... h5 35. g5 Kf7 36. Rc2 Rc4 37. Rd2 Ke7 38. Rd5 b4 39. Ra5 b3 40.
Ra6 $11) 35. h5 gxh5 36. gxh5 Ke6 37. Kg4 Rc4 38. Re2+ Kf6 (38... Kd5 $5 39.
Re5+ (39. Kf5 b4 40. Re5+ Kd4 41. Re4+ Kd3 $15) 39... Kc6 40. Re6+ Kc5 41. Rxh6
Rb4 42. Rh8 Rxb2 $11) 39. Re5 Rb4 40. Re2 Rb3 41. Rc2 Rb4 42. Re2 Rb3 43. Rc2
Rb4 1/2-1/2

[Event "FIDE-Wch k.o."]
[Site "New Delhi/Teheran"]
[Date "2000.12.01"]
[Round "2.2"]
[White "Leko, Peter"]
[Black "Volkov, Sergey"]
[Result "1-0"]
[WhiteElo "2743"]
[BlackElo "2554"]
[Annotator "Finkel,A"]
[PlyCount "77"]
[EventDate "2000.11.27"]
[EventType "k.o."]
[EventRounds "7"]
[EventCountry "IND"]
[SourceTitle "CBM 081"]
[Source "ChessBase"]
[SourceDate "2001.03.20"]
[SourceVersion "1"]
[SourceVersionDate "2001.03.20"]
[SourceQuality "1"]

{[%mdl 352]} 1. e4 e6 2. d4 d5 3. Nc3 Nf6 4. Bg5 Be7 5. e5 Nfd7 6. Bxe7 Qxe7 7.
f4 O-O 8. Nf3 c5 9. dxc5 Nc6 10. Bd3 f5 {Forcing white to open the center,
however weak pawn on e6 and ''bad'' bishop promise black no easy life in the
middlegame.} 11. exf6 Qxf6 12. g3 Nxc5 13. O-O Bd7 14. Qd2 Rad8 {Other moves
also don't solve all opening problems:} (14... Nxd3 15. cxd3 e5 (15... Be8 16.
Rfe1 {/\ Ne5+/-}) 16. Rae1 exf4 (16... Bh3 17. Rf2 d4 18. Ne4 Qf5 19. Nh4 (19.
Nxe5 Nxe5 20. fxe5 Qxe5 21. Rxf8+ Rxf8 22. Nf2 Qh5 $1 $11 {De Firmian,
N-Chernin,A/New York op 1988}) 19... Qd7 20. f5 $1 Bxf5 21. Nc5 Qd5 22. Nxf5
Qxc5 23. Qg5 $40 {Sax,G-Jurkovic,A/CRO-chT 1996}) (16... Rae8 $2 17. fxe5 $18)
(16... d4 17. Ne4 Qe7 18. Neg5 $1 $16) 17. Nxd5 Qd6 (17... Qf7 $8 18. Nxf4 Qxa2
19. d4 $1 $16 {Rodriguez,A-Chernin,A/Subotica izt 1987}) 18. Nxf4 Bg4 19. Qe3
Bxf3 20. Qxf3 Qd4+ 21. Rf2 Rad8 22. Re4 Qc5 23. Qe3 $16 {Brunner,L-Zueger,B/
Bohemians 1989}) (14... a6 15. Rae1 b5 16. a3 b4 17. axb4 Nxb4 18. Ne5 Rab8 19.
Qe3 Qe7 20. Nxd7 Nxd7 21. Qxe6+ Qxe6 22. Rxe6 $16 {Hoi,C-Muir,A/Troll Masters
1990}) 15. Rae1 Be8 16. a3 (16. Ne5 Nxe5 17. Rxe5 Bc6 18. Rfe1 Rfe8 19. Qe2 a5
20. a3 $14 {Colovic,A-Gleizerov,E/Open 1999}) 16... Bh5 $6 (16... Bg6 $5 17.
Bxg6 (17. Re2 Ne4 $5 {[%cal Gd8d2]} 18. Qe1 Nd4 19. Nxd4 Qxd4+ 20. Kg2 Nxc3 21.
bxc3 Qa4 22. Bxg6 hxg6 23. Rxe6 $14) 17... Qxg6 18. Nd4 $1 Ne4 (18... Nxd4 19.
Qxd4 b6 20. Re2 $14) 19. Nxc6 $3 Nxd2 20. Ne7+ Kf7 21. Nxg6 hxg6 22. Rf2 Nc4
$14) 17. Ne5 Nxe5 18. Rxe5 Bg4 {[%csl Rg4]} (18... Bg6 19. Bxg6 Qxg6 20. Rfe1
Rf6 21. b4 $6 Nd7 22. R5e2 a6 $14) 19. Qg2 Rc8 $5 {Black intends to penitrate
with his rook to the first rank and to get counterplay, but as shows the game
it's just not enough!} 20. h3 Nxd3 21. cxd3 Bf5 22. Rf3 d4 {[%csl Rd4]} 23. Nb5
Rc1+ 24. Kh2 Rd8 25. Qd2 Ra1 26. g4 Bxg4 $6 {An attempt to complicate the
matters in difficult position, but white easily deprives black any possibility
to harm.} (26... Bg6 27. Qe2 $1 Bf7 28. f5 exf5 29. Rexf5 Qe6 30. Qf2 Rf8 31.
Nxd4 Qd6+ 32. R3f4 $16) 27. hxg4 Qh4+ 28. Rh3 Rh1+ 29. Kxh1 Qxh3+ 30. Kg1 Qxg4+
31. Qg2 $18 Qxf4 (31... Qd1+ 32. Kh2 Qxd3 33. Nc7 $18) 32. Qg5 Qf8 (32... Qxg5+
33. Rxg5 a6 34. Nc7 Kf7 35. Rxg7+ $1 $18) 33. Rxe6 Rc8 34. Nd6 h6 35. Qd5 Kh8
36. Nxc8 Qxc8 37. Qe4 Qc1+ 38. Kh2 Qc2+ 39. Kg3 1-0

[Event "YUG-ch 56th"]
[Site "Herceg Novi"]
[Date "2001.04.05"]
[Round "12"]
[White "Pikula, Dejan"]
[Black "Antic, Dejan"]
[Result "0-1"]
[WhiteElo "2513"]
[BlackElo "2481"]
[Annotator "Finkel,A"]
[PlyCount "82"]
[EventDate "2001.03.23"]
[EventType "tourn"]
[EventRounds "15"]
[EventCountry "YUG"]
[EventCategory "10"]
[SourceTitle "CBM 083"]
[Source "ChessBase"]
[SourceDate "2001.07.05"]
[SourceVersion "1"]
[SourceVersionDate "2001.07.05"]
[SourceQuality "1"]

1. e4 e6 2. d4 d5 3. Nc3 Nf6 4. Bg5 Be7 5. e5 Nfd7 6. h4 $6 Bxg5 7. hxg5 Qxg5
8. Nh3 Qe7 9. Nf4 Nc6 10. Qd2 b6 $5 (10... g6 11. Nfxd5 exd5 12. Nxd5 Qd8 13.
Bb5 (13. Qf4 g5 14. Qe4 Ne7 15. Nf6+ Nxf6 16. exf6 Bf5 17. Qxe7+ {1/2-1/2 Sax,
G-Kovacevic,V/CRO-chT 1996}) 13... a6 14. Ba4 h5 15. O-O-O Kf8 16. Bb3 Nb6 $15
{Filipenko,A-Shur,M/Nabereznye Chelny 1993}) (10... Nb6 11. Nh5 Rg8 12. Bd3 Bd7
13. Bxh7 Rh8 14. Nxg7+ Kd8 15. Qh6 $6 $146 Qb4 $1 $36 {Filipenko,A-Lempert,I/
Nabereznye Chelny 1993}) (10... Nf8 11. O-O-O Bd7 12. Bb5 O-O-O 13. Bxc6 Bxc6
14. Rh3 Kb8 15. Rdh1 Rg8 16. Nd3 f5 17. Kb1 h6 18. f4 Nd7 $15 {Pedersen,
D-Pcola,P/EU-chJM U20 1995}) 11. Nb5 $5 (11. Nfxd5 $6 exd5 12. Nxd5 Qd8 13.
O-O-O Nf8 $17) 11... Nf8 12. Nh5 $2 {The only way to take advantage of 10th
move of black was} (12. c4 $1 dxc4 13. Bxc4 $5 {in both cases with dangerous
initiative for white, while now black just remains with the pawn up.} (13. d5
$1 exd5 (13... Nxe5 $2 14. d6 $1 cxd6 15. Nxd6+ Kd7 16. Nxf7+ $18) 14. O-O-O $1
$40 Ne6 $6 (14... Nb4 $6 15. Nxd5 Nxd5 16. Qxd5 Rb8 17. Qc6+ Bd7 18. Qxc7 $16)
15. Nxd5 Qd8 16. Ndxc7+ $1 Nxc7 17. Qxd8+ Nxd8 18. Nxc7+ Ke7 19. Nxa8 $18))
12... Rg8 13. Rh3 a6 $1 14. Na3 Bb7 $15 15. c3 $6 (15. O-O-O O-O-O 16. Re3 Nd7
17. f4 g6 18. Ng3 Kb8 $15 {[%cal Gc6a5,Gc7c5,Gd8c8]}) 15... O-O-O 16. b4 Nd7
17. Bd3 g6 18. Ng3 f6 19. f4 h5 20. O-O-O Kb8 $5 {[%cal Gd8c8] White has no
counterlay that's why black slowly improves the position of his pieces.} 21.
Nc2 (21. exf6 $5 Nxf6 22. Re1 {[%csl Re6]} Qf7 23. Qe2 {[%cal Ge2e6,Ge2a6]} Nd7
24. Qe3 Nf8 $15) 21... Rc8 22. exf6 Nxf6 23. Re1 Qf7 24. Qe2 (24. Nf1 $5 Ng4
25. Rf3 $15) 24... Ng4 25. Rf1 Ka7 26. Na1 Ne7 27. Nb3 Nf5 $17 28. Nh1 Nf6 29.
Kb2 (29. Nf2 Nd6 30. Re1 Nfe4 31. Bxe4 Qxf4+ 32. Qd2 Qxd2+ 33. Nxd2 dxe4 $17)
29... Nd6 {[%csl Ge4]} 30. a4 Nfe4 31. Nf2 Rgf8 32. Nd1 h4 $5 33. Rff3 (33.
Rxh4 Ng3 $17) 33... Nc4+ 34. Kc2 (34. Bxc4 dxc4 35. Qxc4 Nd6 36. Qe2 Bxf3 37.
Rxf3 Qf5 $19) 34... Qd7 $1 $19 {[%csl Ra4]} 35. Nb2 (35. Rxh4 Qxa4 36. Bxc4
dxc4 37. Qxc4 Bd5 $19) 35... Na3+ 36. Kc1 Nxc3 37. Qe1 Nxa4 38. Rxh4 Qc6+ 39.
Nc5 bxc5 40. dxc5 Nxb2 41. Kxb2 Nc4+ 0-1